| 000 | 00652nam a2200193Ia 4500 | ||
|---|---|---|---|
| 001 | 152685 | ||
| 003 | 246743 | ||
| 005 | 20250530062542.0 | ||
| 008 | ||||||n9999 ||| || || | ||
| 082 |
_221 _a336.39 |
||
| 100 |
_aLozada Villareal, Luis Arturo _9189390 |
||
| 245 | 0 | _aAnálisis al gasto público en el municipio de Ibagué durante el año 2008 | |
| 504 | _aIncluye bibliografía | ||
| 562 | _e1 | ||
| 650 | 0 |
_aESCUELA SUPERIOR DE ADMINISTRACIÓN PÚBLICA (TOLIMA)--TESIS Y DISERTACIONES ACADÉMICAS _9188981 |
|
| 650 | 0 |
_aEspecialización en Finanzas Públicas (Tolima) _9188505 |
|
| 650 | 0 |
_aGastos públicos _95525 |
|
| 942 | _cTESIS | ||
| 999 |
_c152685 _d152685 |
||